书目信息 |
| 题名: |
交通流流体力学格子模型建模及仿真研究
|
|
| 作者: | 黎小琴 著 | |
| 分册: | ||
| 出版信息: | 北京 北京大学出版社 2024.10 |
|
| 页数: | 157页 | |
| 开本: | 23cm | |
| 丛书名: | ||
| 单 册: | ||
| 中图分类: | U491.1 | |
| 科图分类: | ||
| 主题词: | 交通流--jiao tong liu--流体力学--交通模型--研究 | |
| 电子资源: | ||
| ISBN: | 978-7-301-34696-9 | |
| 000 | 01676nam0 2200265 450 | |
| 001 | 93904 | |
| 005 | 20250819175118.83 | |
| 010 | @a978-7-301-34696-9@dCNY68.00 | |
| 100 | @a20250122d2024 em y0chiy50 ea | |
| 101 | 0 | @achi |
| 102 | @aCN@b110000 | |
| 105 | @aa a 000yy | |
| 106 | @ar | |
| 200 | 1 | @a交通流流体力学格子模型建模及仿真研究@Ajiao tong liu liu ti li xue ge zi mo xing jian mo ji fang zhen yan jiu@f黎小琴著 |
| 210 | @a北京@c北京大学出版社@d2024.10 | |
| 215 | @a157页@c图@d23cm | |
| 300 | @a湖南省教育厅重点科研项目 | |
| 314 | @a黎小琴, 控制科学与工程博士, 副教授国家级一流本科课程和湖南省一流线上线下混合式课程《数字图像处理》负责人、湖南省精品在线开放课程《数字图像处理》负责人, 电子科学与技术湖南省一流本科专业建设点主要成员、湖南省光电信息虚拟仿真实验教学中心主要成员, 先后参与和承担了国家自然科学基金项目、湖南省自然科学基金、湖南省教育厅科学研究项目6项, 相关成果发表在Physica A、Journal of Vibration and Control等国际知名学术刊物上。 | |
| 320 | @a有书目 (第147-157页) | |
| 330 | @a本书提出了几种符合现代交通实际的交通流模型, 并进行了系统理论分析和数值模拟, 研究了交通流中各种非线性现象。本书主要研究内容和成果表现在交通流模型综述、数据挖掘和宏观交通流建模等方面。本书在分析和评述各种现有交通流模型的基础上, 深入研究流体力学格子模型, 考虑下游交通状态、驾驶员预估和反应异质性对上游交通流当前及未来的交通状态的的影响, 提出了更加适应我国城市交通未来发展的新的交通流模型, 为智能交通管理系统、车联网系统和自动驾驶系统等方面的进一步研究和应用提供参考。 | |
| 606 | 0 | @a交通流@Ajiao tong liu@x流体力学@x交通模型@x研究 |
| 690 | @aU491.1@v5 | |
| 701 | 0 | @a黎小琴@Ali xiao qin@4著 |
| 801 | 0 | @aCN@c20250909 |
| 905 | @a河南城建学院图书馆@dU491.1@eL111@f1 | |
| 交通流流体力学格子模型建模及仿真研究/黎小琴著.-北京:北京大学出版社,2024.10 |
| 157页:图;23cm |
| 湖南省教育厅重点科研项目 |
| ISBN 978-7-301-34696-9:CNY68.00 |
| 本书提出了几种符合现代交通实际的交通流模型, 并进行了系统理论分析和数值模拟, 研究了交通流中各种非线性现象。本书主要研究内容和成果表现在交通流模型综述、数据挖掘和宏观交通流建模等方面。本书在分析和评述各种现有交通流模型的基础上, 深入研究流体力学格子模型, 考虑下游交通状态、驾驶员预估和反应异质性对上游交通流当前及未来的交通状态的的影响, 提出了更加适应我国城市交通未来发展的新的交通流模型, 为智能交通管理系统、车联网系统和自动驾驶系统等方面的进一步研究和应用提供参考。 |
| ● |
| 相关链接 |
|
|
|
正题名:交通流流体力学格子模型建模及仿真研究
索取号:U491.1/L111
 
预约/预借
| 序号 | 登录号 | 条形码 | 馆藏地/架位号 | 状态 | 备注 |
| 1 | 1627832 | 216278329 | 自科库501/501自科库 58排2列3层/ [索取号:U491.1/L111] | 在馆 |